[Event "Gelendzhik Rapid op"]
[Site "Gelendzhik"]
[Date "2023.05.27"]
[Round "3"]
[White "Glukhov, Mikhail"]
[Black "Karian, Anna"]
[Result "0-1"]
[WhiteElo "2100"]
[BlackElo "1685"]
[PlyCount "78"]
[EventDate "2023.05.27"]
[EventType "swiss (rapid)"]
[EventRounds "11"]
[EventCountry "RUS"]
[SourceTitle "CBM 214 Extra"]
[Source "ChessBase"]
[SourceDate "2023.07.31"]
[SourceVersion "1"]
[SourceVersionDate "2023.07.31"]
[SourceQuality "1"]

1. c4 e5 2. Nc3 Nc6 3. g3 g6 4. Bg2 Bg7 5. e3 Nge7 6. Nge2 0-0 7. d4 exd4 8. exd4 d6 9. 0-0 Bf5 10. b3 Qd7 11. d5 Ne5 12. Nd4 Bh3 13. f4 Bxg2 14. Kxg2 Ng4 15. h3 Nf6 16. f5 c5 17. dxc6 bxc6 18. fxg6 fxg6 19. Bb2 c5 20. Nc2 Nf5 21. Nd5 Qb7 22. Bxf6 Bxf6 23. Qf3 Qg7 24. Nxf6+ Qxf6 25. Rae1 Qb2 26. Qd5+ Kh8 27. Rxf5 gxf5 28. Re2 f4 29. gxf4 Rg8+ 30. Kf3 Qc3+ 31. Ne3 Qg7 32. Ng4 Raf8 33. Re6 Qc3+ 34. Re3 Qg7 35. Qh5 Qd4 36. Re4 Qd1+ 37. Kg3 Qd3+ 38. Kh4 Qxe4 39. f5 Rxf5 0-1